Central Library OPAC University of Rajshahi

Urban redevelopment : (Record no. 58249)

MARC details
000 -LEADER
fixed length control field 01060nam a2200277 a 4500
001 - CONTROL NUMBER
control field 58249
003 - CONTROL NUMBER IDENTIFIER
rucl marc code BD-RjUL
005 - DATE AND TIME OF LATEST TRANSACTION
control field 20211209080612.0
008 - FIXED-LENGTH DATA ELEMENTS--GENERAL INFORMATION
fixed length control field 161217s1953 iluab b 000 0 eng
035 ## - SYSTEM CONTROL NUMBER
System control number (BD-RjUL)58373
040 ## - CATALOGING SOURCE
Original cataloging agency DLC
Transcribing agency RIU
Modifying agency SER
-- OCL
-- UKM
-- EQO
Language of cataloging eng
041 ## - LANGUAGE CODE
Language code of text/sound track or separate title eng
082 ## - DEWEY DECIMAL CLASSIFICATION NUMBER
Classification number 307.1416
Edition number 23
Author mark and year URB 1953
245 10 - TITLE STATEMENT
Title Urban redevelopment :
Remainder of title problems and practices /
Statement of responsibility, etc. by Charles S. Ascher [...et.al] ; edited by Coleman Woodbury
260 ## - PUBLICATION, DISTRIBUTION, ETC. (IMPRINT)
Place of publication, distribution, etc. Chicago :
Name of publisher, distributor, etc. University of Chicago Press,
Date of publication, distribution, etc. c1953
300 ## - PHYSICAL DESCRIPTION
Pagination xvi, 525 p. :
Illustrations ill. ;
Size 25 cm.
500 ## - GENERAL NOTE
General note "This volume and its companion--The future of cities and urban redevelopment--are the chief products of the Urban Redevelopment Study."
504 ## - BIBLIOGRAPHY, ETC. NOTE
Bibliography, etc Bibliographical footnotes. Includes bibliographies.
650 #0 - SUBJECT ADDED ENTRY--TOPICAL TERM
Topical term or geographic name as entry element Urban Development
9 (RLIN) 171488
Topical term or geographic name as entry element City planning.
9 (RLIN) 171488
700 1# - ADDED ENTRY--PERSONAL NAME
Personal name Ascher, Charles Stern,
Dates associated with a name 1899-
Personal name Woodbury, Coleman, Editor
710 2# - ADDED ENTRY--CORPORATE NAME
Corporate name or jurisdiction name as entry element Urban Redevelopment Study.
9 (RLIN) 173029
942 ## - ADDED ENTRY ELEMENTS (KOHA)
Source of classification or shelving scheme Dewey Decimal Classification
Koha item type Books
Holdings
Lost status Source of classification or shelving scheme Damaged status Not for loan Collection code Permanent Location Current Location Shelving location Date acquired Source of acquisition Cost, normal purchase price Total Checkouts Full call number Date last seen Copy number Koha item type
  Dewey Decimal Classification   Not For Loan Non-fiction Central Library, University of Rajshahi Central Library, University of Rajshahi Reading Room 21/06/1963 Zeithlinger. 72.00   307.1416 URB 1953 17/12/2016 C-1 Books